| 000 | 00582cam a2200145 4500500 | ||
|---|---|---|---|
| 005 | 20260208010538.0 | ||
| 041 | _afre | ||
| 042 | _adc | ||
| 100 | 1 | 0 |
_aAdam, Michel _eauthor |
| 245 | 0 | 0 | _aPierre-André Stucki, La promesse de la liberté. Philosophie de la religion, Genève, Labor et Fides, 2003, 168 p., 25 E (17 FS). |
| 260 | _c2005. | ||
| 500 | _a7 | ||
| 786 | 0 | _nRevue philosophique de la France et de l'étranger | 130 | 1 | 2005-03-01 | p. 77m-130m | 0035-3833 | |
| 856 | 4 | 1 | _uhttps://shs.cairn.info/revue-philosophique-2005-1-page-77m?lang=fr&redirect-ssocas=7080 |
| 999 |
_c1657052 _d1657052 |
||